00519 aa a2200181 450000500170000001000060001702000130002303500120003603700080004808200130005610000260006924501110009524600090020626000520021527000120026730000520027949000060033120120620142743.0 a  c80.00a  aB-48833 bpub a613.7046 aसत्यपाल aवैज्ञानिक योगासन और स्वास्थ्य /cसत्यपाल a b  aदिल्लीbकिताबघरc2001 a b e  a144पृc22 सेमी (सजिल्द) a